000 00611nam a2200205Ii 4500
003 JO-AjNU
008 230605s9999||||xx |||||||||||||| ||und||
017 _a2007/12/3686
040 _aJO-AjNU
_bara
_erda
_cJO-AjNU
041 _aara
050 1 4 _aPJ7962.U44.M37 2007
100 3 _aسليمان، وحيد,
_eauthor
_949336
245 0 0 _aمصابيح الهدى: شعر
264 3 1 _aعمان:وزارة الثقافة،2007
300 _a148ص
336 _atext
_btxt
_2rdacontent
337 _aunmediated
_bn
_2rdamedia
338 _avolume
_bnc
_2rdacarrier
650 4 _aالشعر العربي
_949337
999 _aA21663
_c25231
_d25231